Semangat seorang sahabat

Bibliographic Details
Main Author: Hakimi Muhammad
Format: Book
Published: KL : Edaran Kemajuan , [s.n]
Series:Siri sejernih kasihmu
Subjects:

MARC

LEADER 00000cam a2200000 7i4500
001 0000040074
005 20160330.0
008 140310
020 |a 9675018695 
090 0 0 |a HAK   |b MAL 
100 0 |a Hakimi Muhammad 
245 1 0 |a Semangat seorang sahabat   |c Hakimi Muhammad 
260 |a KL :   |b Edaran Kemajuan ,   |c [s.n] 
440 |a Siri sejernih kasihmu 
500 |a Teenager ages 13-18 years old (blue) 
650 0 |a Malay fiction 
999 |a 0001273501   |b Book   |c Adult Collection   |e Cawangan AEON Kulaijaya 
999 |a 0001273502   |b Book   |c Teenagers   |e Cawangan Tmn. Ungku Tun Aminah 
999 |a 0001273506   |b Book   |c Teenagers   |e Cawangan Bukit Gambir 
999 |a 0001273510   |b Book   |c Teenagers   |e Cawangan Mersing 
999 |a 0001279322   |b Book   |c Teenagers   |e Perbadanan Perpustakaan Awam Johor 
999 |a 0001279323   |b Book   |c Teenagers   |e Perbadanan Perpustakaan Awam Johor